00252nam a2200085Ia 4500008004100000100001900041245006700060650002100127700001800148220216s9999 xx 000 0 und d aGan Lian Tiong 0aPerformance of selected rubber cultivars in Sime Darby Estates aRubber cultivars aChew Oe Kheng